| 000 | 00917nac a22002891u 4500 | ||
|---|---|---|---|
| 008 | 100908s2001 n a frb 001 0 eng d | ||
| 010 | _a2001271592 | ||
| 020 | _a0130200050 | ||
| 020 | _a9780130200051 | ||
| 040 |
_aEG-ScBUE _beng _cEG-ScBUE |
||
| 082 | 0 | 4 |
_a620.1053 _bHIB _222 |
| 100 | 1 |
_aHibbeler, R. C. _918774 |
|
| 245 | 1 | 0 |
_aEngineering Mechanics. Statics/ _cR.C. Hibbeler. |
| 250 | _a9th ed. | ||
| 260 |
_aUpper Saddle River : _bPrentice Hall, _cc.2001. |
||
| 300 |
_axv, 624 p. : _bcol. ill. ; _c24 cm. |
||
| 500 | _aIndex : p. 622-624. | ||
| 500 | _aAnswer to selected problems : p. 609-621. | ||
| 500 | _aAppendix : 582-608. | ||
| 504 | _aIncludes bibliographical references. | ||
| 590 | _aMenna elemam | ||
| 650 | 0 |
_aStatics. _918775 _2BUEsh |
|
| 650 | 0 |
_aStrength of materials. _910669 _2BUEsh |
|
| 651 | _2BUEsh | ||
| 653 |
_bENGGEN _cAugust2015 |
||
| 942 |
_cBB _k620.1053 HIB _2ddc |
||
| 999 |
_c799 _d799 |
||